[Event "Coupe de la Parite"]
[Site "Saint Quentin"]
[Date "2019.06.29"]
[Round "3.2"]
[White "Grandy, Aurelien"]
[Black "Bourges, Jerome"]
[Result "1-0"]
[WhiteElo "2050"]
[BlackElo "1962"]
[PlyCount "75"]
[EventDate "2019.06.??"]
[EventType "team-match"]
[EventRounds "5"]
[EventCountry "FRA"]
[SourceTitle "EXT 2020"]
[Source "ChessBase"]
[SourceDate "2019.10.17"]
[SourceVersion "1"]
[SourceVersionDate "2019.10.17"]
[SourceQuality "1"]

1. e4 g6 2. d4 Bg7 3. c3 d6 4. Bd3 Nf6 5. Ne2 e5 6. 0-0 Nc6 7. Bg5 h6 8. Bd2 Nd7 9. Bb5 0-0 10. d5 Ne7 11. Bxd7 Bxd7 12. c4 Qe8 13. Qc1 Kh7 14. Nbc3 f5 15. f4 Ng8 16. Ng3 exf4 17. Rxf4 g5 18. Rxf5 Bxf5 19. Nxf5 Be5 20. Qc2 Qh5 21. g3 Nf6 22. Rf1 Ng4 23. Bc1 Rae8 24. Nd1 Qg6 25. Nf2 Nxf2 26. Rxf2 c6 27. b3 cxd5 28. exd5 b5 29. g4 bxc4 30. bxc4 Rc8 31. Be3 Rc7 32. c5 dxc5 33. d6 Rc6 34. d7 Kh8 35. Qe4 Qe6 36. Qd3 Bc7 37. Qc3+ Be5 38. Nxh6 1-0